|
|
|
|
| LEADER |
00000nam a2200000 a 4500 |
| 001 |
vtls008183320 |
| 003 |
SK-MaSNL |
| 005 |
20260301122712.0 |
| 008 |
240318s xo 000 0 slo |
| 015 |
|
|
|a SNBZSE2007-00018
|
| 020 |
|
|
|q (brož.)
|
| 040 |
|
|
|a SNK
|b slo
|c SNK
|e AACR2
|
| 041 |
0 |
|
|a ita
|
| 043 |
|
|
|a e-xo---
|
| 044 |
|
|
|a it
|c IT
|
| 072 |
|
7 |
|a 75
|x Maliarstvo
|2 konspekt
|
| 080 |
|
|
|a 75.071.1:061.4
|x (450)
|x (083.824)
|2 2001
|
| 100 |
1 |
|
|a Horváthová, Mária
|4 aut
|9 269125
|
| 245 |
1 |
0 |
|a Štefan Roskoványi
|b antologica
|c Mária Horváthová
|
| 260 |
|
|
|a Umbertide
|b Rocca di Umbertide
|c [2002]
|
| 600 |
1 |
7 |
|a Roskoványi, Štefan,
|d 1946-2002
|2 SNKMA
|9 468626
|
| 650 |
0 |
7 |
|a výtvarné umenie
|2 SNKPH
|9 723
|
| 650 |
0 |
7 |
|a slovenské výtvarné umenie
|2 SNKPH
|9 68597
|
| 651 |
|
7 |
|a Taliansko
|2 SNKPH
|9 21019
|
| 655 |
|
7 |
|a katalógy výstav
|2 SNKPH
|9 70445
|
| 958 |
|
|
|a ZS
|
| 958 |
|
|
|a IT
|
| 999 |
|
|
|c 733793
|d 735723
|
| 952 |
|
|
|a SNK
|b SNK
|y PREZ
|7 0
|p 17A0474069
|o snkOSB 14370
|i snk2005/11896
|8 1
|0 0
|1 0
|4 0
|d 2005-07-11
|l 0
|r 2026-02-23 22:37:10
|w 2026-02-23
|